Derechos humanos y política mundial
Salvato in:
| Autore principale: | |
|---|---|
| Natura: | Libro |
| Lingua: | spagnolo |
| Pubblicazione: |
Buenos Aires
EUDEBA
1988
|
| Serie: | Temas
|
| Soggetti: | |
| Tags: |
Aggiungi Tag
Nessun Tag, puoi essere il primo ad aggiungerne!!
|
MARC
| LEADER | 00000nam a2200000 a 4500 | ||
|---|---|---|---|
| 001 | UCO8190 | ||
| 003 | CL-VaPUC | ||
| 008 | 001201e19880000AG |||||||||||||||||spa|d | ||
| 082 | 0 | 4 | |a 323 |b FOR |2 21 |
| 100 | 0 | |a Forsythe, David P |e author |9 453006 | |
| 245 | 1 | 0 | |a Derechos humanos y política mundial |
| 300 | |a 283 p | ||
| 942 | |c BK | ||
| 945 | |d 20001201 00:00:00 |a crobeson | ||
| 260 | |a Buenos Aires |b EUDEBA |c 1988 | ||
| 500 | |a Donación del profesor Manfred Wilhelmy von Wolff | ||
| 650 | 0 | |a Derechos humanos |9 223025 | |
| 650 | 7 | |a PROTECCION DE LOS DERECHOS HUMANOS |2 CL-VaPUC |9 452271 | |
| 650 | 0 | |a Política internacional |9 255813 | |
| 583 | |a last modification |c 20001201 00:00:00 |k Rodrigo Vera | ||
| 490 | 0 | |a Temas | |
| 999 | |c 292917 |d 292915 | ||
| 952 | |0 0 |1 0 |4 0 |6 323_000000000000000_FOR_1988 |7 0 |8 A |9 343997 |a BIBHIS |b BIBHIS |d 2019-11-20 |i 1230824 |o 323 FOR 1988 |p 1230824 |r 2025-01-20 |w 2019-11-20 |y BK |k HIS | ||